| 000 | 00910nem a2200265 i 4500 | ||
|---|---|---|---|
| 001 | bg | ||
| 245 | 0 | 0 |
_aPolska : _batlas geograficzny : skala 1:100 000 / _coprac. wydawca Wydawnictwo Kartograficzne "Mapy Ścienne" Beata Piętka. |
| 255 | _aSkala 1:100 000. | ||
| 260 |
_aKatowice : _bWydawnictwo Kartograficzne "Mapy Ścienne" Beata Piętka, _c2010/2011. |
||
| 300 |
_a643 s. : _bfot., mapy kolor. ; _c35 cm. |
||
| 500 | _aMapy na wyklejkach. | ||
| 504 | _aIndeks tematyczny. | ||
| 651 | 4 | _aPolska | |
| 655 | _aMapy | ||
| 710 | 2 | _aWydawnictwo Kartograficzne "Mapy Ścienne" Beata Piętka | |
| 020 | _a8373454535 | ||
| 040 | _cBPK | ||
| 041 | 0 | _apol | |
| 044 | _aPOL | ||
| 080 | _a912(438) | ||
| 920 | _a83-7345-453-5 | ||
| 942 | _cMP | ||
| 008 | 101228s2010 pl a |000 0 pol | ||
| 999 |
_c49217 _d49217 |
||
| 856 |
_uhttp://koha.tu.koszalin.pl/cgi-bin/koha/opac-detail.pl?biblionumber=49217 _yKatalog online BPK |
||